| 000 | 00773nam a22001217a 4500 | ||
|---|---|---|---|
| 040 | _c VONG PHANNITH, RUA | ||
| 082 | _aDVM KEA 2025 B707 Or.1 | ||
| 100 | _aKEAN , CHANNDA / គាន ច័ន្ទដា | ||
| 245 | _aAntimicrobial resistance of escherichia coli isolated from canine parvovirus at veterinary clinic sangkat russey keo khan russey keo phnom penh, ករណី ESCHERICHIA COLI ស៊ាំ នឹងឳសថអង់ទីប៊ីយ៉ូទិកលើសុនខមាន PARVOVIRUS នៅគ្លីនិកសត្វក្នុងសង្កាត់ឬស្សីកែវ ខណ្ឌឬស្សីកែវ រាជធានីភ្នំពេញ | ||
| 260 |
_aPHNOM PENH _bRUA _c2025 |
||
| 300 |
_aix,48p. _bill. _c29cm. |
||
| 942 | _cDVM | ||
| 999 |
_c25847 _d25847 |
||